| 000 | 00425cam a2200181ua 4500 | ||
|---|---|---|---|
| 020 | _c9.00 | ||
| 041 |
_amal _h |
||
| 082 |
_a894.812 _bYAS/MA |
||
| 100 | _aYaspal, . | ||
| 245 |
_aManushyante Roopangal / _cYaspal. _hTextual Documents |
||
| 260 |
_aErnakulam : _bC.I.C.C Book house , _c1949. |
||
| 300 | _a538 ; . | ||
| 365 | _a9.00 | ||
| 504 | _a | ||
| 942 | _cBK | ||
| 999 |
_c1227 _d1227 |
||